000 00772cam a2200241 a 4500
001 3069645
005 20180302040542.0
008 970403s1997 nyua b 001 0 eng
010 _a 97008707
020 _a1572302356 (acidfree paper)
040 _aDLC
_cDLC
_dDLC
041 _aeng
043 _an-us---
080 _a306.89 STE
082 0 0 _a306.89 STE
_221
100 _a50
101 _aSOC
245 0 0 _aSeparating together :
_cAbigail J. Stewart ... [et al.].
504 _aIncludes bibliographical references (p. 275-281) and index.
906 _a7
_bcbc
_corignew
_d1
_eocip
_f19
_gy-gencatlg
942 _2ddc
_cBK
999 _c43948
_d43948